<?xml version="1.0" encoding="UTF-8"?>
<record
    xmlns:xsi="http://www.w3.org/2001/XMLSchema-instance"
    xsi:schemaLocation="http://www.loc.gov/MARC21/slim http://www.loc.gov/standards/marcxml/schema/MARC21slim.xsd"
    xmlns="http://www.loc.gov/MARC21/slim">

  <leader>04089nam a22001937a 4500</leader>
  <controlfield tag="005">20241025122521.0</controlfield>
  <controlfield tag="008">241025b           ||||| |||| 00| 0 eng d</controlfield>
  <datafield tag="020" ind1=" " ind2=" ">
    <subfield code="a">9780323834827</subfield>
  </datafield>
  <datafield tag="050" ind1=" " ind2=" ">
    <subfield code="a">RG950.M395(16e)</subfield>
  </datafield>
  <datafield tag="245" ind1=" " ind2=" ">
    <subfield code="a">Mayes' midwifery /</subfield>
    <subfield code="c">edited by Sue Macdonald et al.</subfield>
  </datafield>
  <datafield tag="250" ind1=" " ind2=" ">
    <subfield code="a">16th ed.</subfield>
  </datafield>
  <datafield tag="260" ind1=" " ind2=" ">
    <subfield code="a">Amsterdam :</subfield>
    <subfield code="b">Elsevier,</subfield>
    <subfield code="c">2024.</subfield>
  </datafield>
  <datafield tag="300" ind1=" " ind2=" ">
    <subfield code="a">xviii, 1514 p. :</subfield>
    <subfield code="b">ill., col. ;</subfield>
    <subfield code="c">24 cm.</subfield>
  </datafield>
  <datafield tag="500" ind1=" " ind2=" ">
    <subfield code="a">Include references and index.</subfield>
  </datafield>
  <datafield tag="505" ind1=" " ind2=" ">
    <subfield code="a"> Contents: Part 1: The midwife in context: Global midwifery &#x2013; an international perspective -- An introduction to midwifery history in the united kingdom -- The regulation of midwives -- Clinical governance and the midwife -- Being a student midwife -- Evidence based  practice and research for practice -- Leadership and management in midwifery -- An instruction to ethics for midwifery practices --  Law and the midwife -- pharmacology and the midwife -- Part 2: Child birth in context: Sociocultural and spiritual context of childbearing -- Psychological context of child birth -- Sex, gender, sexuality and childbearing -- National health service and midwifery -- Maternity service provision -- Legal framework for the care of the child -- Part 3: Public health, health promotion and childbirth: Epidemiology -- Infection prevention and control in maternity care -- Nutrition for a healthy pregnancy -- Complementary therapies and natural remedies in pregnancy and child birth -- Public health, health promotion and education -- Preconception care -- Education for parenthood -- Physical preparation for childbirth and beyond -- Vulnerable women and families -- Part 4: The anatomy and physiology of fertility, conception and pregnancy: Anatomy of male and female reproduction -- Female reproductive physiology &#x2013; cyclical changes in the ovaries, uterus and mammary gland, across the infertile cycle -- Genetics and genomics -- Fertility and it control --Infertility and assisted conception -- From the fertilisation to feto &#x2013; placental development -- The fetal skull -- Part 5: Pregnancy: Maternal cardiovascular, respiratory, haemodynamic, uterine, and gastrointestinal &#x2013;mammary adaptations to the fertile cycles -- Antenatal care --   Antenatal investigations -- The choice and personalization agenda: place of birth and care -- Part 6: Labour and birth: Neuendocrinology of parenting: from nocturnal uterine activation to suckling &#x2013; lactation and emotional connectivity between parent and infant -- Care in the first stage of labour -- Care in the second stage of labour -- Supporting choices in reducing pain and fear during labour -- Care in the third stage of labour -- The pelvic floor -- Part 7: Postnatal care and the care of the newborn baby: Women and family-centred postnatal care -- Physiology, assessment, and care of the newborn -- Thermoregulation -- Infant feeding and relationship building &#x2013; Part 8: Women and babies with complex needs: The preterm baby and the small baby -- Respiratory and cardiac disorders in the neonate -- Neonatal jaundice -- Neonatal infection -- Congenital anomalies and metabolic and endocrine disorders -- Pregnancy loss and the baby deaths -- Nausea and vomiting -- Bleeding in pregnancy &#x2013; Hypertensive and medical disorders in pregnancy -- Sexually transmitted infections -- Abnormalities and anomalies of the genital tract -- Multiple pregnancy and birth: implication for midwives, women, and their families -- Preterm labour and birth -- Induction of labour and post-tem pregnancy -- Presentation of prolapse of the umbilical cord -- Rhythmic variations of labour -- Malpositions and malpresentations -- Obstructed labour and uterine rupture -- Obstetric interventions -- Shoulder dystocial -- Complications related to the third stage of labour -- Maternal morbidity following childbirth -- Mental health and well being in the pregnancy and childbirth -- Pregnancy loss and the death of a baby: grief and bereavement care -- Midwifery &#x2013; practicing in a complex world.</subfield>
  </datafield>
  <datafield tag="700" ind1=" " ind2=" ">
    <subfield code="a">Macdonald, Sue.</subfield>
    <subfield code="9">3231</subfield>
  </datafield>
  <datafield tag="700" ind1=" " ind2=" ">
    <subfield code="a">Johnson, Gail.</subfield>
    <subfield code="9">3232</subfield>
  </datafield>
  <datafield tag="942" ind1=" " ind2=" ">
    <subfield code="2">lcc</subfield>
    <subfield code="c">BK</subfield>
  </datafield>
  <datafield tag="999" ind1=" " ind2=" ">
    <subfield code="c">10460</subfield>
    <subfield code="d">17960</subfield>
  </datafield>
  <datafield tag="952" ind1=" " ind2=" ">
    <subfield code="0">0</subfield>
    <subfield code="1">0</subfield>
    <subfield code="2">lcc</subfield>
    <subfield code="4">0</subfield>
    <subfield code="7">0</subfield>
    <subfield code="a">WIUC-1</subfield>
    <subfield code="b">WIUC-1</subfield>
    <subfield code="c">NURS L.</subfield>
    <subfield code="d">2024-10-25</subfield>
    <subfield code="l">0</subfield>
    <subfield code="o">RG950.M395(16e)</subfield>
    <subfield code="p">NURS/950/130/24</subfield>
    <subfield code="r">2024-10-25 00:00:00</subfield>
    <subfield code="t">1</subfield>
    <subfield code="w">2024-10-25</subfield>
    <subfield code="y">BK</subfield>
  </datafield>
  <datafield tag="952" ind1=" " ind2=" ">
    <subfield code="0">0</subfield>
    <subfield code="1">0</subfield>
    <subfield code="2">lcc</subfield>
    <subfield code="4">0</subfield>
    <subfield code="7">0</subfield>
    <subfield code="a">WIUC-1</subfield>
    <subfield code="b">WIUC-1</subfield>
    <subfield code="c">NURS L.</subfield>
    <subfield code="d">2024-10-25</subfield>
    <subfield code="l">0</subfield>
    <subfield code="o">RG950.M3951(16e)</subfield>
    <subfield code="p">NURS/951/131/24</subfield>
    <subfield code="r">2024-10-25 00:00:00</subfield>
    <subfield code="t">2</subfield>
    <subfield code="w">2024-10-25</subfield>
    <subfield code="y">BK</subfield>
  </datafield>
</record>
